| 000 | 00370nam a2200121Ia 4500 | ||
|---|---|---|---|
| 008 | 220615s9999||||xx |||||||||||||| ||und|| | ||
| 245 | 0 | _aMedical Informatics | |
| 546 | _aEnglish[eng] | ||
| 650 | _aMedical bioinformatics | ||
| 700 | _aMordechai, Shaul||Sahu, Ranjit | ||
| 856 | _uhttps://mts.intechopen.com/storage/books/1813/authors_book/authors_book.pdf | ||
| 942 | _cEB | ||
| 999 |
_c15894 _d15894 |
||